| LEADER |
00909nam0a2200205 450 |
| 001 |
16843477 |
| 010 |
|
|
|a 978-2-211-23017-9
|b br.
|d 12,8
|
| 100 |
|
|
|a 20170914d2026 u u0frey01 ba
|
| 101 |
0 |
|
|a fre
|
| 102 |
|
|
|a FR
|
| 200 |
0 |
|
|a Espionnage intime
|f Susie Morgenstern
|
| 207 |
|
1 |
|a
|
| 210 |
|
|
|a Paris
|b 11 rue de Sèvres.
|c L'Ecole des Loisirs
|d DL 2016
|
| 215 |
|
|
|a 1 vol. (140 p.)
|d 22 cm
|
| 330 |
|
|
|a Angélique est une adolescente parfaite mais son journal intime, un carnet rose fuchsia, dit le contraire. La jeune fille se décrit comme étant rebelle : elle change de vêtements et de comportement, fume et fait des rencontres dans les bars.
|
| 700 |
|
0 |
|a Morgenstern
|b Susie
|f 1945-....
|4 70
|
| 702 |
|
0 |
|a Nadja
|c auteur-illustratrice jeunesse
|f 1955-....
|4 440
|
| 900 |
|
|
|a Roman (jeunesse)
|
| 901 |
|
|
|a Adultes
|
| 995 |
|
|
|a Médiathèque
|c Médiathèque
|f 089015606
|h 089015606
|k J MOR
|o p
|q a
|r az
|e Médiathèque
|